=LDR 00000nam 2200000 4500 =001 INLIS000000000026105 =005 20130612124551 =008 ***********************************Ind** =035 ##$$0010-061300000026105 =041 ##$$a Ind =082 ##$$a 343.01 =090 ##$$a 343.01, Har a =100 ##$$a Harsono, Budi =245 ##$$a Apendiks hukum agraria indonesia, himpunan peraturan hukum tanah (1996), Prof. Boedi Harsono =260 ##$$a 1996 $b Jakarta =300 ##$$a vi, 68 hlm, 21 cm =650 ##$$a Hukum Agraria =850 ##$$a NBPNMAT